En otras palabras : las habilidades de reformulación en la producción del texto escrito /

Guardado en:
Autor Principal: Silvestri, Adriana
Formato: Libro
Publicado: Buenos Aires : Cantaro, 1998
Series:Colección El Caldero
Materias:
Etiquetas: Agregar Etiqueta
Sin Etiquetas, Sea el primero en etiquetar este registro!
LEADER 00635nam a22002055a 4500
001 CEM.cems009851
005 20080704094624.0
008 130507s1998##################000#0#####d
003 CEMS
020 |a 9507530398 
082 0 4 |a 801 
100 1 |a Silvestri, Adriana 
245 1 0 |a En otras palabras :  |b las habilidades de reformulación en la producción del texto escrito /  |c Adriana Silvestri 
260 |a Buenos Aires :  |b Cantaro,  |c 1998 
300 |a 62 p. 
490 0 |a Colección El Caldero 
653 |a Linguistica 
653 |a Literatura 
653 |a Textos-producción de 
859 |a CEMS  |b BIB. CEMS - 11 de abril  |h 801  |i Si29  |p 20130.98  |t Ej.1